| 000 | 00884nam a2200265Ia 4500 | ||
|---|---|---|---|
| 003 | OSt | ||
| 005 | 20220926030614.0 | ||
| 006 | a|||||r|||| 00| 0 | ||
| 007 | ta | ||
| 008 | 220923b |||||||| |||| 00| 0 eng d | ||
| 020 |
_a9780691152844 _c1882.5799999999999 |
||
| 037 |
_b43566, 16/03/2015, Segment Book Distrobutors _cGeneral Book |
||
| 040 |
_aRTL _cRTL _beng |
||
| 041 |
_2eng _aeng |
||
| 082 | _aX:(B), Q5 | ||
| 100 |
_aANGRIST Joshua D _9334606 |
||
| 245 | 0 |
_aMastering metrics _b The path from cause to effect |
|
| 260 |
_aPrinceton _bPrinceton University Press _c2015 |
||
| 300 |
_axvii,282p _ccm. |
||
| 500 | _aNote: With CD | ||
| 650 | _aEconomics | ||
| 700 |
_a PISCHKE Jorn-Steffen _9334607 |
||
| 942 |
_hX:(B), Q5 _cGB _2CC |
||
| 999 |
_c650303 _d650303 |
||